banner koha

Diagnostico da situacao de producao bovina de leite do Municipio de Sete Lagoas - Minas Gerais (Registro n. 125119)

MARC details
000 -LÍDER
campo de controle de tamanho fixo 01068nas a2200313 4500
001 - NÚMERO DE CONTROLE
campo de controle BR8900369
003 - IDENTIFICADOR DO NÚMERO DE CONTROLE
campo de controle BR-BrBNA
005 - DATA E HORÁRIO DA ÚLTIMA TRANSAÇÃO
campo de controle 20231205091436.0
007 - CAMPO FIXO DE DESCRIÇÃO FÍSICA--INFORMAÇÃO GERAL
campo de controle de tamanho fixo ta
008 - CAMPO DE DADOS FIXOS--INFORMAÇÃO GERAL
campo de controle de tamanho fixo 230509b bl.|||p| |||| 00| 00por d
040 ## - FONTE DA CATALOGAÇÃO
Instituição da catalogação original BR-BrBNA
Idioma da catalogação por
Instituição que transcreveu o registro Biblioteca Nacional de Agricultura
041 ## - CÓDIGO DE IDIOMA
Código do idioma do texto/trilha sonora ou título diferente (Pt)
072 ## - CÓDIGO DE CATEGORIA DE ASSUNTO
Código de Categoria de Assunto L70; L01
100 1# - ENTRADA PRINCIPAL--NOME PESSOAL
Nome pessoal Viana, F.C.
100 1# - ENTRADA PRINCIPAL--NOME PESSOAL
Nome pessoal Laender, F.C.
100 1# - ENTRADA PRINCIPAL--NOME PESSOAL
Nome pessoal Contreras, R.L.
100 1# - ENTRADA PRINCIPAL--NOME PESSOAL
Nome pessoal Cruz, F.E.R. da
100 1# - ENTRADA PRINCIPAL--NOME PESSOAL
Nome pessoal Valente, J.O.
100 1# - ENTRADA PRINCIPAL--NOME PESSOAL
Nome pessoal Silva Filho, M.P.
245 1# - TÍTULO
Título Diagnostico da situacao de producao bovina de leite do Municipio de Sete Lagoas - Minas Gerais
246 1# - FORMA VARIANTE DO TÍTULO
Título/título abreviado [Diagnosis of the situation of bovine milk production at the municipality of Sete Lagoas - Minas Gerais, Brazil]
650 ## - ASSUNTO--TERMO TÓPICO
Cabeçalho tópico ou nome geográfico GADO LEITEIRO
650 ## - ASSUNTO--TERMO TÓPICO
Cabeçalho tópico ou nome geográfico VETERINARIA
650 ## - ASSUNTO--TERMO TÓPICO
Cabeçalho tópico ou nome geográfico PRODUCAO LEITEIRA
650 ## - ASSUNTO--TERMO TÓPICO
Cabeçalho tópico ou nome geográfico SETE LAGOAS
773 0# - ENTRADA ANALÍTICA
Título Arquivo Brasileiro de Medicina Veterinaria e Zootecnia (Brazil)
ISSN - International Standard Serial Number ISSN 0102-0935
Partes relacionadas (Oct 1987), v. 39(5) p. 699-717
Número de controle do registro BR8900369
909 ## -
-- 202311
-- Lúcia
-- 55
-- Lúcia Elande
942 ## - ELEMENTOS DE ENTRADA ADICIONADOS (KOHA)
Fonte da classificação ou esquema de arquivamento na estante Classificação AGRIS
Ocultar no OPAC Não
Tipo de material Koha Analítica
Exemplares
Situação do descarte Fonte da classificação ou esquema de arquivamento na estante Situação física Não pode ser emprestado Biblioteca de origem Biblioteca atual Localização na estante Enumeração do periódico / cronologia Total de empréstimos Data de último acesso Número do exemplar Tipo de material Koha Fonte de aquisição
  Classificação AGRIS   Consulta local Biblioteca Nacional de Agricultura - Binagri Biblioteca Nacional de Agricultura - Binagri   (Oct 1987), v. 39(5) p. 699-717   29/11/2023 01 Periódicos Portaria Interministerial nº 164/94

BINAGRI

Telefone: (61)3218-2567/2388/3357/2097 - binagri@agro.gov.br

Ministério da Agricultura e Pecuária , Esplanada dos Ministérios, Bloco D, Anexo B, Brasília/DF, CEP: 70.043-900